000
00282nam a22001217a 4500
008
170508b xxu||||| |||| 00| 0 eng d
041
_a
eng
080
_a
341
100
_a
14
101
_a
SHJ
245
_a
THE EAST CHALLENGE FOR HUMAN RIGHT
_c
BAUER.J.R
942
_2
udc
_c
BK
999
_c
13020
_d
13020